000
00226nam a22000857a 4500
008
161125b xxu||||| |||| 00| 0 eng d
100
_9
1446
_a
Gupta. H. R
245
_a
Cources of studies : IT aplications
260
_a
Delhi
_b
CBSE
_c
1999
999
_c
4170
_d
4170